000 00463nam a2200181Ia 4500
001 20136
005 20260306172744.0
008 260306t2008||||xx |||||||||||||| ||spa||
041 _aESP
082 _a342.53
_bB16 2008
100 _aBákula, Juan Miguel
_eAUT
245 0 _aLa imaginación creadora y el nuevo régimen jurídico del mar
260 _c2008
300 _a250 páginas :
_ccm.
650 _aGEN
654 _aCDE
942 _cLIB
_dJUS
_fJUS
_2ddc
_n
999 _c20136
_d20136